000 00346 a2200121 4500
001 ART_41259
005 20260410161605.0
008 260409a
245 1 0 _aSinceramiento fiscal
100 1 _aSimaro, Gustavo
700 1 _aTorchelli, Valeria
773 0 _tProfesional & Empresaria
_g- Año XVIII, Nº 210 (mar. 2017)
_wREV70
999 _c10139
_d10139